000 00576cam a2200133 4500500
005 20260111091205.0
041 _afre
042 _adc
245 0 0 _aGruppo La Tenda, Roma come Chiesa locale. Un’esperienza di dialogo, coll. Oggi e domani – serie II 25, Bologna, EDB, 2003, 21x14, 482 p., 25 €. ISBN 88-10-14009-5
260 _c2005.
500 _a6
786 0 _nNouvelle revue théologique | 127 | 1 | 2005-01-03 | p. 156m-169m | 0029-4845
856 4 1 _uhttps://shs.cairn.info/revue-nouvelle-revue-theologique-2005-1-page-156m?lang=fr&redirect-ssocas=7080
999 _c1620529
_d1620529